| 000 | 00708nam a22002057a 4500 | ||
|---|---|---|---|
| 999 |
_c19845 _d19845 |
||
| 003 | AR-CdUCM | ||
| 008 | 190522b ||||| |||| 00| 0 spa d | ||
| 040 |
_aMUNICIPALIDAD PROVINCIAL DEL CUSCO _cBIBLIOTECA MUNICIPAL DEL CUSCO |
||
| 082 |
_a334 / _bI52 |
||
| 100 |
_aInfield, Henrik F. _941486 |
||
| 245 |
_aComunidades cooperativas : _bSu desarrollo en el agro / |
||
| 260 |
_aBuenos Aires, _bIntercoop, _c1959. |
||
| 300 |
_a58 páginas ; _c20 cm. |
||
| 440 |
_aCuadernos de cultura cooperativa _939483 |
||
| 505 | _aContenido : La sociología de la cooperación sale al campo -- Una idea corporativa. | ||
| 650 |
_aSociología _9276 |
||
| 650 |
_aHistoria _9136 |
||
| 942 |
_2ddc _cLIBROS |
||
| 945 | _arcc | ||